[Event "Online Olym Div3 A 2021"]
[Site "chess.com INT"]
[Date "2021.08.29"]
[Round "7.2"]
[Board "2"]
[White "Liu, Yeh Yang"]
[Black "Doluweera, Minul Sanjula"]
[Result "1/2-1/2"]
[BlackTitle "FM"]
[WhiteElo "1994"]
[BlackElo "2129"]
[WhiteTeam "Chinese Taipei"]
[BlackTeam "Sri Lanka"]
[WhiteFideId "16300416"]
[BlackFideId "9910760"]
[EventDate "2021.08.27"]
[EventType "team"]

1. e4 c6 2. d4 d5 3. Nc3 dxe4 4. Nxe4 Bf5 5. Ng3 Bg6 6. N1e2 Nf6 7. c3 Nbd7 8.
Qb3 Qb6 9. Nf4 e6 10. h4 Qxb3 11. axb3 Bc2 12. b4 Nd5 13. b5 Bd6 14. bxc6 Nxf4
15. cxd7+ Kxd7 16. Bb5+ Ke7 17. O-O a6 18. Ba4 Bxa4 19. Rxa4 Nd3 20. Ne4 Nxc1
21. Rxc1 Rac8 22. Nxd6 Kxd6 23. Rb4 b5 24. Ra1 Rc6 25. Kf1 Kc7 26. Ke2 Kb6 27.
Rb3 a5 28. Kd3 Rhc8 29. Re1 a4 30. Rb4 f6 31. g4 a3 32. Rb3 axb2 33. Rb1 Kc7 34.
R1xb2 Kd6 35. Ra3 Rb6 36. f4 e5 37. fxe5+ fxe5 38. dxe5+ Kxe5 39. Ra7 Kf4 40.
Rxg7 Rd6+ 41. Kc2 Rdc6 42. Rb3 Re8 43. Rxb5 Re2+ 44. Kb3 Re3 45. Rb4+ Kf3 46.
Rc4 Rb6+ 47. Kc2 Re2+ 48. Kd3 Rd6+ 49. Rd4 Re3+ 50. Kd2 Re2+ 51. Kd1 Rxd4+ 52.
cxd4 Re4 53. d5 Rd4+ 54. Kc2 Rxd5 55. g5 h6 56. g6 Kg4 57. Rh7 Kxh4 58. Rxh6+
Kg4 59. g7 Rg5 60. Rh7 Rg6 61. Kd3 Kf5 62. Kd4 Kf6 63. Kd5 Rxg7 64. Rxg7 Kxg7 1/2-1/2

[Event "Online Olym Div3 A 2021"]
[Site "chess.com INT"]
[Date "2021.08.29"]
[Round "7.2"]
[Board "3"]
[White "Premanath, Dinushki"]
[Black "Chen, Chi"]
[Result "1/2-1/2"]
[WhiteTitle "WFM"]
[WhiteElo "1793"]
[BlackElo "1588"]
[WhiteTeam "Sri Lanka"]
[BlackTeam "Chinese Taipei"]
[WhiteFideId "9903542"]
[BlackFideId "16301633"]
[EventDate "2021.08.27"]
[EventType "team"]

1. e4 e6 2. d4 d5 3. exd5 exd5 4. Bd3 Bd6 5. c3 Ne7 6. Be3 Bf5 7. Nf3 O-O 8. Qc2
Qd7 9. Nbd2 Bxd3 10. Qxd3 Nf5 11. O-O-O Nxe3 12. fxe3 Qa4 13. Kb1 Nd7 14. e4
dxe4 15. Nxe4 Bf4 16. g3 Bh6 17. g4 g6 18. h4 Rae8 19. h5 Bg7 20. Nfg5 h6 21.
hxg6 fxg6 22. Nf3 Qc6 23. Ned2 Rf4 24. Rhg1 Ref8 25. Nh4 R8f6 26. Rde1 Kf7 27.
d5 Qb6 28. Ne4 Rf2 29. Nxf2 Rxf2 30. b3 Ne5 31. Qg3 Rd2 32. Rgf1+ Kg8 33. Rxe5
Qa6 34. Re8+ Kh7 35. a4 Qxf1+ 36. Re1 Rd1+ 37. Rxd1 Qxd1+ 38. Ka2 Qd2+ 39. Ka3
Bf8+ 40. b4 Qc1+ 41. Kb3 Bg7 42. Qxc7 Qb1+ 43. Ka3 Qa1+ 44. Kb3 Qb1+ 45. Ka3
Qa1+ 46. Kb3 Qb1+ 1/2-1/2

[Event "Online Olym Div3 A 2021"]
[Site "chess.com INT"]
[Date "2021.08.29"]
[Round "7.2"]
[Board "4"]
[White "Shih, Ching-An"]
[Black "Ranasinghe, S D"]
[Result "1-0"]
[WhiteTitle "WFM"]
[BlackTitle "WIM"]
[WhiteElo "1582"]
[BlackElo "1725"]
[WhiteTeam "Chinese Taipei"]
[BlackTeam "Sri Lanka"]
[WhiteFideId "16300653"]
[BlackFideId "9902651"]
[EventDate "2021.08.27"]
[EventType "team"]

1. e4 c5 2. Nf3 Nc6 3. c3 d5 4. exd5 Qxd5 5. d4 Nf6 6. Be2 e6 7. dxc5 Qxd1+ 8.
Bxd1 Bxc5 9. O-O O-O 10. Bf4 Re8 11. Ne5 Nxe5 12. Bxe5 Nd7 13. Bg3 a6 14. Nd2 e5
15. Ne4 Bf8 16. Bb3 Nc5 17. Nxc5 Bxc5 18. Rfe1 e4 19. Bd5 e3 20. fxe3 Bxe3+ 21.
Kh1 Bd7 22. Bxb7 Ra7 23. Bd5 Bc5 24. Rxe8+ Bxe8 25. Re1 Re7 26. Rxe7 Bxe7 27.
Be5 Kf8 28. g3 f6 29. Bd4 Bd6 30. Kg2 Ke7 31. Kf3 Bh5+ 32. Ke3 Bc7 33. Bc5+ Kd7
34. Bf8 g5 35. Be4 Bf7 36. a3 Bb6+ 37. Kd3 h5 38. b4 Bg1 39. Bf5+ Kd8 40. h3 Bd5
41. c4 Bg2 42. c5 Bf1+ 43. Kc3 Bf2 44. Bd6 Bb5 45. Kb3 Bc6 46. Bd3 Bb7 47. a4
Bc8 48. Bf1 Be6+ 49. Bc4 Bc8 50. Bf1 Be6+ 51. Ka3 a5 52. bxa5 Be1 53. a6 Bd5 54.
a7 Kc8 55. Be7 Bc3 56. Be2 h4 57. g4 Kb7 58. a5 Kxa7 59. Ka4 Be5 60. Kb5 Kb7 61.
Bf1 Bc6+ 62. Kb4 Ka7 63. Bd8 Kb7 64. a6+ Ka7 65. Bb6+ Ka8 66. Bd8 Ba1 67. Ka5
Bd4 68. Kb6 Bd5 69. Be7 Be4 70. Bb5 Bg2 71. Bc6+ Bxc6 72. Kxc6 Ka7 73. Kb5 Kb8
74. Kc4 Be5 75. Kd5 Ka7 76. Ke6 Bd4 77. Bxf6 Bxc5 78. Bxg5 Bf2 79. Bf4 Kxa6 80.
g5 Bg3 81. Be5 Kb6 82. g6 Kc6 83. g7 Bxe5 84. Kxe5 Kd7 85. g8=Q 1-0

[Event "Online Olym Div3 A 2021"]
[Site "chess.com INT"]
[Date "2021.08.29"]
[Round "7.2"]
[Board "5"]
[White "De Silva, L M S T"]
[Black "Bai, Adelard"]
[Result "0-1"]
[WhiteTitle "FM"]
[BlackTitle "FM"]
[WhiteElo "2085"]
[BlackElo "2399"]
[WhiteTeam "Sri Lanka"]
[BlackTeam "Chinese Taipei"]
[WhiteFideId "9953698"]
[BlackFideId "16301188"]
[EventDate "2021.08.27"]
[EventType "team"]

1. e4 c6 2. d4 d5 3. e5 Bf5 4. Nd2 e6 5. Nb3 a6 6. a4 c5 7. dxc5 Nd7 8. Nf3 Nxc5
9. Nxc5 Bxc5 10. Bd3 Ne7 11. O-O O-O 12. c3 Rc8 13. Bg5 Bxd3 14. Qxd3 h6 15. Bh4
Qc7 16. g4 Ng6 17. Bg3 Ba7 18. h3 Qc4 19. Qxc4 Rxc4 20. Nd2 Rc7 21. Kg2 Ne7 22.
f4 d4 23. c4 Nc6 24. b3 Nb4 25. Rad1 Nc2 26. Kf3 Ne3 27. Ne4 Nxf1 28. Rxf1 b5
29. axb5 axb5 30. Nd6 bxc4 31. bxc4 Rb8 32. Ke4 Rb3 33. Bf2 Rxh3 34. Nb5 Rxc4
35. Nxa7 d3+ 36. Bd4 d2 37. Rd1 Rc1 38. Rxd2 Re1+ 39. Be3 Rhxe3+ 40. Kd4 Re4+
41. Kc5 Rxf4 42. Nc6 Rxg4 43. Ra2 h5 44. Kd6 h4 45. Ke7 h3 46. Nd8 Rg2 47. Ra8
h2 48. Nxf7+ Kh7 49. Rh8+ Kg6 50. Rh3 h1=Q 51. Nh8+ Kf5 52. Rf3+ Ke4 53. Rf8
Qh4+ 54. Ke8 Ra1 55. Ng6 Ra8+ 56. Kf7 Rf2+ 57. Kg8 Rfxf8+ 58. Nxf8 Rxf8+ 59.
Kxg7 Qe7+ 0-1

[Event "Online Olym Div3 A 2021"]
[Site "chess.com INT"]
[Date "2021.08.29"]
[Round "7.3"]
[Board "1"]
[White "Fan, Allen Chi Zhou"]
[Black "Kwon, Sehyun"]
[Result "0-1"]
[WhiteTitle "FM"]
[BlackTitle "CM"]
[WhiteElo "2147"]
[BlackElo "2195"]
[WhiteTeam "New Zealand"]
[BlackTeam "South Korea"]
[WhiteFideId "4304128"]
[BlackFideId "13203088"]
[EventDate "2021.08.27"]
[EventType "team"]

1. Nf3 d5 2. c4 d4 3. b4 f6 4. e3 e5 5. Bb2 dxe3 6. fxe3 Bxb4 7. Nc3 Nh6 8. Qb3
Nc6 9. Be2 Bxc3 10. Bxc3 e4 11. Nd4 Nxd4 12. exd4 O-O 13. O-O Re8 14. Rae1 Nf7
15. Bh5 g6 16. Bd1 Rb8 17. Qb2 f5 18. Bb3 c6 19. a3 Be6 20. Qa2 Qb6 21. Re3 c5
22. d5 Bd7 23. Bc2 Qd6 24. Rfe1 b5 25. d4 bxc4 26. Qxc4 Rbc8 27. Bb3 Rc7 28.
dxc5 Qxc5 29. Qxc5 Rxc5 30. Bb4 Rb5 31. Rc1 Rb7 32. Ba2 Kg7 33. Rec3 Ne5 34. Rc7
Reb8 35. Bd6 Kf6 36. Rxb7 Rxb7 37. Rc2 Nd3 38. Kf1 Bb5 39. Bc4 Bxc4 40. Rxc4 Rd7
41. Rc6 Kf7 42. Ke2 Rb7 43. Ke3 Ke8 44. Kd4 Kd7 45. Bc5 Nxc5 46. Kxc5 Rc7 47.
Rxc7+ Kxc7 48. Kd4 Kd6 49. g3 g5 50. a4 a5 51. h3 h6 52. h4 gxh4 53. gxh4 h5 54.
Ke3 Kxd5 55. Kf4 Kd4 56. Kxf5 e3 57. Kg5 e2 58. Kxh5 e1=Q 59. Kg6 Qxh4 0-1

[Event "Online Olym Div3 A 2021"]
[Site "chess.com INT"]
[Date "2021.08.29"]
[Round "7.3"]
[Board "2"]
[White "Ahn, Hongjin"]
[Black "Piwari, Dylan Tama"]
[Result "1-0"]
[WhiteTitle "IM"]
[WhiteElo "2298"]
[BlackElo "1943"]
[WhiteTeam "South Korea"]
[BlackTeam "New Zealand"]
[WhiteFideId "13201492"]
[BlackFideId "4312988"]
[EventDate "2021.08.27"]
[EventType "team"]

1. d4 d6 2. Nf3 Nf6 3. g3 g6 4. Bg2 Bg7 5. O-O O-O 6. c4 Nbd7 7. Nc3 e5 8. e4
exd4 9. Nxd4 Re8 10. h3 Nc5 11. Re1 a5 12. Qc2 Nfxe4 13. Nxe4 Bxd4 14. Bg5 f6
15. Bxf6 Bxf6 16. Nxf6+ Qxf6 17. Rxe8+ Kg7 18. Qd2 c6 19. Rae1 1-0

[Event "Online Olym Div3 A 2021"]
[Site "chess.com INT"]
[Date "2021.08.29"]
[Round "7.3"]
[Board "3"]
[White "Chang, Yolanda"]
[Black "Eynula, Roza"]
[Result "0-1"]
[BlackTitle "WFM"]
[WhiteElo "1400"]
[BlackElo "2069"]
[WhiteTeam "New Zealand"]
[BlackTeam "South Korea"]
[WhiteFideId "4309332"]
[BlackFideId "2019531"]
[EventDate "2021.08.27"]
[EventType "team"]

1. e4 e6 2. d4 d5 3. exd5 exd5 4. Nf3 c6 5. Bd3 Bd6 6. c3 Ne7 7. O-O O-O 8. Bg5
f6 9. Bh4 Bg4 10. Nbd2 Nd7 11. Qc2 g6 12. Bg3 Bxg3 13. fxg3 Bf5 14. Nh4 Bxd3 15.
Qxd3 Qc7 16. Rae1 Rae8 17. Kh1 b5 18. b3 Kg7 19. g4 Nc8 20. c4 a6 21. cxd5 cxd5
22. Rc1 Qa7 23. Rc2 Nd6 24. Rfc1 Ne4 25. Nxe4 Rxe4 26. Rc7 Qxc7 27. Rf1 Rfe8 28.
Nf3 Re2 29. g3 R8e3 30. Qd1 Qc3 31. Ng1 Re1 32. Rxe1 Rxe1 33. Qxe1 Qxe1 34. Kg2
Qd2+ 35. Kh3 Qxd4 36. Nf3 Qf2 0-1

[Event "Online Olym Div3 A 2021"]
[Site "chess.com INT"]
[Date "2021.08.29"]
[Round "7.3"]
[Board "4"]
[White "Kim, Taegyeong"]
[Black "Gan, Emily"]
[Result "0-1"]
[WhiteTitle "WCM"]
[WhiteElo "1523"]
[BlackElo "1438"]
[WhiteTeam "South Korea"]
[BlackTeam "New Zealand"]
[WhiteFideId "13200976"]
[BlackFideId "4310608"]
[EventDate "2021.08.27"]
[EventType "team"]

1. d4 Nf6 2. c4 g6 3. Nc3 Bg7 4. Bf4 O-O 5. Nf3 d6 6. e4 Nbd7 7. Be2 b6 8. O-O
Bb7 9. Qc2 e6 10. Bg5 e5 11. d5 h6 12. Bh4 Qe7 13. b4 c6 14. Qa4 cxd5 15. cxd5
g5 16. Bg3 a5 17. Nd2 axb4 18. Qxb4 Ba6 19. Bxa6 Rxa6 20. Nc4 Nc5 21. Qb5 Rfa8
22. f3 Nh5 23. Rfb1 Nf4 24. Nxb6 Rb8 25. Qc4 Raxb6 26. Rxb6 Rxb6 27. a4 Qb7 28.
Bf2 Rb4 29. Qf1 Ncd3 30. g3 Nxf2 31. Kxf2 Rb2+ 32. Kg1 Ng2 33. Nb5 Qb6+ 34. Kh1
Ne3 35. Qc1 Rc2 36. Qe1 h5 37. Ra3 Nc4 38. Ra1 g4 39. Qd1 Ne3 40. Qe1 gxf3 41.
Ra3 Ng4 42. Rxf3 Rxh2# 0-1

[Event "Online Olym Div3 A 2021"]
[Site "chess.com INT"]
[Date "2021.08.29"]
[Round "7.3"]
[Board "5"]
[White "Picken, Oliver"]
[Black "Noh, Jinwoo"]
[Result "0-1"]
[WhiteTitle "CM"]
[WhiteElo "1767"]
[BlackElo "1489"]
[WhiteTeam "New Zealand"]
[BlackTeam "South Korea"]
[WhiteFideId "4304764"]
[BlackFideId "13211307"]
[EventDate "2021.08.27"]
[EventType "team"]

1. e4 c5 2. a3 g6 3. h4 Bg7 4. h5 Nc6 5. Bc4 Nf6 6. hxg6 hxg6 7. Rxh8+ Bxh8 8.
Nc3 d6 9. d3 Ne5 10. Ba2 Nc6 11. Bg5 Bd7 12. Qf3 Nd4 13. Qd1 Qa5 14. Qd2 e6 15.
Nge2 Nh7 16. Be3 Bc6 17. Bxd4 cxd4 18. Qh6 dxc3 19. b4 Qh5 20. Qxh5 gxh5 21. Nf4
Nf6 22. Ke2 a5 23. b5 Bxb5 24. Rh1 Ke7 25. Nxh5 Nxh5 26. Rxh5 Bf6 27. Rxb5 Ra7
28. a4 Bd4 29. f4 b6 30. Rh5 Ra8 31. g4 Rb8 32. Bc4 Rd8 33. Kf3 Kf6 34. g5+ Kg6
35. Kg4 d5 36. f5+ Kg7 37. f6+ Kg8 38. exd5 exd5 39. Bb5 Rd6 40. Rh6 Re6 41. Bd7
Re2 42. Bc6 Rg2+ 43. Kf4 Rxc2 44. Bxd5 Rf2+ 45. Kg3 c2 46. g6 Rxf6 47. Bxf7+
Rxf7 48. gxf7+ Kxf7 49. Rh1 Be3 50. Rf1+ Ke6 51. Kf3 c1=Q 52. Rxc1 Bxc1 53. Ke4
Kd6 54. Kd4 Kc6 55. Kc4 Be3 56. d4 Kd6 57. Kd3 Bg1 58. Kc4 Bf2 59. Kb5 Bxd4 60.
Ka6 Kc6 61. Ka7 b5+ 62. Ka6 bxa4 63. Kxa5 a3 64. Ka6 a2 65. Ka5 a1=Q+ 66. Kb4
Qc3+ 67. Ka4 Qb2 68. Ka5 Qb5# 0-1

[Event "Online Olym Div3 A 2021"]
[Site "chess.com INT"]
[Date "2021.08.29"]
[Round "7.3"]
[Board "6"]
[White "Seo, Jiwon"]
[Black "Ning, Isabelle Yixuan"]
[Result "0-1"]
[BlackTitle "WCM"]
[WhiteElo "1628"]
[BlackElo "1774"]
[WhiteTeam "South Korea"]
[BlackTeam "New Zealand"]
[WhiteFideId "13208969"]
[BlackFideId "4307763"]
[EventDate "2021.08.27"]
[EventType "team"]

1. e4 c5 2. Nf3 d6 3. d4 cxd4 4. Nxd4 Nf6 5. Nc3 a6 6. Bc4 e6 7. Bb3 Be7 8. Be3
O-O 9. f4 b5 10. a3 Bb7 11. Qf3 Nbd7 12. f5 e5 13. Nde2 Nc5 14. Ng3 Qa5 15. O-O
Rad8 16. Rad1 b4 17. Nd5 Bxd5 18. Bxd5 bxa3 19. bxa3 Qxa3 20. Kh1 Qa5 21. Nh5
Qc7 22. Nxf6+ Bxf6 23. g4 Qe7 24. Rg1 Bg5 25. Bf2 Qf6 26. Qg3 Bf4 27. Qf3 Qh6
28. Rg2 Rb8 29. Rdg1 Bg5 30. Qg3 Rb2 31. h4 Rxc2 32. Qh3 Rb8 33. Rh2 Bf4 34. g5
Qh5 35. Rhg2 Rbb2 36. Bg3 Rxg2 37. Rxg2 Rxg2 38. Qxg2 Qd1+ 39. Kh2 Bxg3+ 40.
Qxg3 Qe2+ 41. Kh3 Nxe4 42. Bxe4 Qxe4 43. Qb3 Qxf5+ 44. Kg3 Qf4+ 45. Kh3 g6 46.
Qb8+ Kg7 47. Qxd6 Qf3+ 48. Kh2 Qf2+ 49. Kh3 Qf5+ 50. Kh2 Qe6 51. Qd3 Qg4 52. Qg3
Qxg3+ 53. Kxg3 a5 54. Kf3 a4 55. Ke4 a3 56. Kxe5 a2 57. Kd6 a1=Q 0-1

[Event "Online Olym Div3 A 2021"]
[Site "chess.com INT"]
[Date "2021.08.29"]
[Round "7.4"]
[Board "1"]
[White "Tran, Thanh Tu"]
[Black "Kulpruethanon, Thanadon"]
[Result "1-0"]
[WhiteTitle "CM"]
[BlackTitle "FM"]
[WhiteElo "2374"]
[BlackElo "2278"]
[WhiteTeam "Japan"]
[BlackTeam "Thailand"]
[WhiteFideId "12401404"]
[BlackFideId "6201610"]
[EventDate "2021.08.27"]
[EventType "team"]

1. d4 d5 2. Nf3 Nf6 3. e3 c6 4. c4 e6 5. Nbd2 Nbd7 6. b3 Bd6 7. Bb2 Qe7 8. Ne5
Ba3 9. Bxa3 Qxa3 10. f4 O-O 11. Bd3 c5 12. O-O cxd4 13. exd4 dxc4 14. Ndxc4 Qe7
15. Qf3 Nb6 16. Qh3 g6 17. Rad1 Kg7 18. Ne3 Nfd5 19. N3g4 h5 20. Ne3 Nxe3 21.
Qxe3 Nd5 22. Qg3 h4 23. Qf3 Bd7 24. f5 gxf5 25. Bxf5 exf5 26. Qxd5 Be6 27. Qf3
Rad8 28. Qf4 Rh8 29. Rf3 f6 30. Rg3+ 1-0

[Event "Online Olym Div3 A 2021"]
[Site "chess.com INT"]
[Date "2021.08.29"]
[Round "7.4"]
[Board "2"]
[White "Khumnorkaew, Tupfah"]
[Black "Aoshima, Mirai"]
[Result "1-0"]
[BlackTitle "FM"]
[WhiteElo "2123"]
[BlackElo "2342"]
[WhiteTeam "Thailand"]
[BlackTeam "Japan"]
[WhiteFideId "6202071"]
[BlackFideId "7002386"]
[EventDate "2021.08.27"]
[EventType "team"]

1. e4 c5 2. Nf3 d6 3. d4 cxd4 4. Nxd4 Nf6 5. Nc3 Nc6 6. Bc4 e6 7. Bb3 Be7 8. Be3
O-O 9. Qd2 Ng4 10. Nxc6 bxc6 11. Bf4 d5 12. h3 Nf6 13. e5 Nd7 14. Ne2 Qc7 15.
Qe3 a5 16. c3 Ba6 17. Bc2 Qb6 18. Qxb6 Nxb6 19. Nd4 Rfc8 20. O-O-O c5 21. Nf3
Be2 22. Rde1 Bxf3 23. gxf3 a4 24. Rhg1 Ra7 25. Bh6 g6 26. f4 d4 27. f5 a3 28. b3
dxc3 29. f4 c4 30. fxe6 fxe6 31. f5 exf5 32. Bxf5 Rc6 33. Bc2 Nd5 34. Rd1 Nb4
35. Rgf1 Rc8 36. Kb1 Bf8 37. Bxf8 Rxf8 38. Rxf8+ Kxf8 39. bxc4 Ke7 40. Bb3 Ke6
41. Rc1 Kxe5 42. Rxc3 Kd4 43. Rf3 Re7 44. Kc1 Re1+ 45. Kd2 Ra1 46. Rf4+ Ke5 47.
Rh4 h5 48. c5 Nxa2 49. Rc4 Rh1 50. c6 Rh2+ 51. Kd1 Rh1+ 52. Kd2 Rh2+ 53. Ke1 Nc1
54. c7 Nxb3 55. c8=Q a2 56. Qc7+ Kd5 57. Qc6+ Ke5 58. Qe4+ Kd6 59. Rc6+ Kd7 60.
Qe6+ 1-0

[Event "Online Olym Div3 A 2021"]
[Site "chess.com INT"]
[Date "2021.08.29"]
[Round "7.4"]
[Board "3"]
[White "Takayasu, Melody"]
[Black "Atikankhotchasee, Manunthon"]
[Result "0-1"]
[BlackTitle "WFM"]
[WhiteElo "1692"]
[BlackElo "1548"]
[WhiteTeam "Japan"]
[BlackTeam "Thailand"]
[WhiteFideId "7003501"]
[BlackFideId "6203191"]
[EventDate "2021.08.27"]
[EventType "team"]

1. e4 c5 2. Nf3 g6 3. Bc4 e6 4. O-O Bg7 5. Re1 Ne7 6. Nc3 O-O 7. d3 Nbc6 8. a3
d5 9. Bb5 a6 10. Bxc6 Nxc6 11. e5 b5 12. Bf4 h6 13. h4 Bb7 14. Qd2 Kh7 15. d4
Nxd4 16. Nxd4 cxd4 17. Qxd4 Qxh4 18. Rad1 Rac8 19. Be3 Qxd4 20. Bxd4 Rc4 21. b3
Rc6 22. Rd3 Rfc8 23. f4 Ba8 24. g4 Bf8 25. f5 Bxa3 26. fxe6 fxe6 27. Rf1 Kg7 28.
Rdf3 R8c7 29. Nb1 Bc5 30. Bxc5 Rxc5 31. c3 a5 32. Rf6 Re7 33. Kf2 b4 34. cxb4
axb4 35. Ke3 d4+ 36. Kxd4 Rd5+ 37. Kc4 Rxe5 38. Kxb4 Re4+ 39. Kc5 Rxg4 40. Kd6
Rb7 41. Rxe6 Rb6+ 42. Ke7 Rxe6+ 43. Kxe6 Re4+ 44. Kd6 Rb4 45. Rc1 Rxb3 46. Ke6
Rb6+ 47. Ke7 Be4 48. Nc3 Bf5 49. Nd5 Rb7+ 50. Ke8 Rb8+ 51. Ke7 Rb5 52. Kd6 Rb7
53. Nf4 Rd7+ 54. Ke5 Ra7 55. Nh5+ Kf7 56. Nf4 Ra5+ 57. Kd6 Kf6 58. Nd5+ Kg5 59.
Rg1+ Bg4 60. Ne3 h5 61. Nc4 Ra4 62. Ne5 Rd4+ 63. Kc5 Re4 64. Kd5 Ra4 65. Nf3+
Kf4 66. Nd4 Ke3 67. Rg3+ Kf2 68. Rc3 h4 69. Rc2+ Ke3 70. Rc3+ Kd2 71. Rc2+ Kd3
72. Rg2 Rxd4+ 73. Ke5 Bf5 74. Rh2 Re4+ 75. Kf6 h3 76. Kg5 Rg4+ 77. Kf6 Rg2 78.
Rh1 h2 79. Ra1 Rg1 80. Ra3+ Kc4 0-1

[Event "Online Olym Div3 A 2021"]
[Site "chess.com INT"]
[Date "2021.08.29"]
[Round "7.4"]
[Board "4"]
[White "Taweesupmun, Chanida"]
[Black "Misawa, Yuki"]
[Result "0-1"]
[WhiteTitle "WCM"]
[WhiteElo "1618"]
[BlackElo "1577"]
[WhiteTeam "Thailand"]
[BlackTeam "Japan"]
[WhiteFideId "6200117"]
[BlackFideId "7003862"]
[EventDate "2021.08.27"]
[EventType "team"]

1. e4 c6 2. Nf3 d5 3. exd5 cxd5 4. d4 Nf6 5. Bd3 Bg4 6. Be3 e6 7. c3 Be7 8. Qa4+
Nbd7 9. Ne5 O-O 10. Nxg4 Nxg4 11. O-O Bd6 12. h3 Nxe3 13. fxe3 Nf6 14. Nd2 Bc7
15. Nf3 Ne4 16. Bxe4 dxe4 17. Ne5 Qg5 18. Rae1 Qg3 19. Qd7 Bxe5 20. dxe5 Qxe5
21. Qxb7 f5 22. Rd1 Qg3 23. Rde1 Rab8 24. Qa6 Rxb2 25. Re2 Rxe2 26. Qxe2 Qc7 27.
c4 Qc5 28. Rc1 Rd8 29. Kh1 Rd3 30. Rb1 Qxc4 31. Rb8+ Kf7 32. Qh5+ Kf6 33. Rf8+
Ke5 34. Qxh7 Qc1+ 35. Kh2 Qxe3 36. Qxg7+ Kd5 37. Rd8+ Kc4 38. Qc7+ Qc5 39. Qxc5+
Kxc5 40. Rxd3 exd3 41. h4 d2 42. h5 d1=Q 0-1

[Event "Online Olym Div3 A 2021"]
[Site "chess.com INT"]
[Date "2021.08.29"]
[Round "7.4"]
[Board "5"]
[White "Nakahara, Kan"]
[Black "Laohawirapap, Prin"]
[Result "1/2-1/2"]
[WhiteTitle "CM"]
[BlackTitle "CM"]
[WhiteElo "2095"]
[BlackElo "2125"]
[WhiteTeam "Japan"]
[BlackTeam "Thailand"]
[WhiteFideId "7002556"]
[BlackFideId "6205003"]
[EventDate "2021.08.27"]
[EventType "team"]

1. e4 c6 2. d4 d5 3. Nc3 dxe4 4. Nxe4 Nf6 5. Nxf6+ exf6 6. c3 Bd6 7. Bd3 Na6 8.
Ne2 Nc7 9. O-O O-O 10. Ng3 g6 11. f4 f5 12. Qf3 Be6 13. Be3 Nd5 14. a3 b5 15.
Bd2 Qd7 16. a4 a6 17. b3 bxa4 18. bxa4 Nb6 19. a5 Nc4 20. Qe2 Nxd2 21. Qxd2 Be7
22. Qe2 c5 23. Bxa6 cxd4 24. Bb5 Qa7 25. cxd4 Qxd4+ 26. Kh1 Bf6 27. Rad1 Qc5 28.
Rc1 Qb4 29. a6 h5 30. Rb1 Qa5 31. Qf3 Ba2 32. Bc6 Rxa6 33. Rb5 Qc7 34. Bb7 Rd6
35. Qa3 Bc4 36. Rc5 Qxb7 37. Rxc4 Rd2 38. Rg1 h4 39. Nf1 Re2 40. Qd3 Rfe8 41. h3
Bd8 42. Nh2 Bb6 43. Rb4 Qc6 44. Rxb6 Qxb6 45. Nf3 Qe3 46. Qd6 Qe7 47. Qd4 Re4
48. Qd2 Rd8 49. Qc1 Qd6 50. Ne5 g5 51. Nf3 Qxf4 52. Qc6 Re6 53. Qb7 Red6 54. Qe7
Rd1 55. Qf6 Rxg1+ 56. Nxg1 Rd6 57. Qe7 Re6 58. Qd8+ Kg7 59. Qd1 Rd6 60. Qa1+ Kg6
61. Qa8 Kg7 62. Qa1+ Qd4 63. Qa5 Qf6 64. Qa4 Ra6 65. Qc2 Ra1 66. Qf2 Qe5 67. Qd2
Kg6 68. Qd8 Kg7 69. Qd2 f4 70. Qf2 Qe3 71. Qb2+ Kg6 72. Qxa1 Kh5 73. Qd1+ Kg6
74. Qd6+ Qe6 75. Qd3+ Qf5 76. Qd4 Qb1 77. Kh2 Qe1 78. Qd6+ f6 79. Qd3+ Kg7 80.
Qd7+ Kg6 81. Qc6 Qg3+ 82. Kh1 Qe1 83. Qc2+ Kg7 84. Qe2 Qa1 85. Kh2 Qe5 86. Kh1
Qa1 87. Qf2 Kg6 88. Kh2 Qe5 89. Nf3 Qe3 90. Qc2+ Kg7 91. Qf5 Qc3 92. Qd7+ Kg6
93. Qe8+ Kg7 94. Qe7+ Kg6 95. Qf8 Qc7 96. Qg8+ Kh6 97. Qe6 Kg7 98. Qg4 Qd6 99.
Qf5 Qc7 100. Kg1 Qc1+ 101. Kh2 Qc7 102. Qd5 Kh7 103. Qd3+ Kg7 104. Qd2 Kg6 105.
Kh1 Qb7 106. Nd4 Qb1+ 107. Kh2 Qe4 108. Qc2 f5 109. Qc6+ Kh5 110. Qd7 Kg6 111.
Qe6+ Qxe6 112. Nxe6 Kf6 113. Nd4 g4 114. Kg1 Ke5 115. Nc6+ Kd6 116. Nb4 Ke5 117.
Kf2 Ke4 118. Nc6 f3 119. gxf3+ Kf4 120. fxg4 fxg4 121. hxg4 Kxg4 122. Kg2 h3+
123. Kh2 Kh4 124. Nd4 Kg5 125. Ne2 Kg6 126. Ng1 Kf6 127. Nxh3 1/2-1/2

[Event "Online Olym Div3 A 2021"]
[Site "chess.com INT"]
[Date "2021.08.29"]
[Round "7.4"]
[Board "6"]
[White "Prommuang, Araya"]
[Black "Mitsuyama, Rikka"]
[Result "1-0"]
[WhiteTitle "WCM"]
[WhiteElo "1563"]
[BlackElo "1157"]
[WhiteTeam "Thailand"]
[BlackTeam "Japan"]
[WhiteFideId "6204996"]
[BlackFideId "7002815"]
[EventDate "2021.08.27"]
[EventType "team"]

1. e4 e5 2. Nf3 Nc6 3. Bb5 a6 4. Ba4 Nf6 5. O-O Be7 6. Re1 b5 7. Bb3 d6 8. c3
Bb7 9. d4 O-O 10. h3 Re8 11. Bc2 h6 12. Nbd2 Bf8 13. Nf1 Qe7 14. Ng3 a5 15. Be3
Qd7 16. Qd2 b4 17. Ba4 Qc8 18. d5 bxc3 19. bxc3 Ne7 20. Bxe8 Qxe8 21. Rab1 Ba6
22. Rec1 Qa4 23. Qc2 Qd7 24. c4 c6 25. Qd2 c5 26. Qxa5 Qc8 27. Qc3 Qc7 28. Rb2
Nc8 29. a4 Nb6 30. Qa5 Nbxd5 31. Qxc7 Nxc7 32. Rb6 Nd7 33. Rbb1 Ne6 34. Nd2 Nf6
35. Nf5 Bc8 36. Rb6 Nd7 37. Rbb1 Rxa4 38. Ng3 Ra8 39. Ne2 Ba6 40. Nc3 Rc8 41.
Nd5 Nc7 42. Ra1 Bb7 43. Ra7 Nxd5 44. exd5 Rc7 45. Rb1 e4 46. Raxb7 Rxb7 47. Rxb7
Ne5 48. Rb8 Nd3 49. Nxe4 Ne5 50. Nxd6 h5 51. Bxc5 Nd7 52. Rc8 Nxc5 53. Rxc5 Bxd6
54. Rc8+ Kh7 55. c5 Be5 56. d6 Bf6 57. c6 Kg6 58. d7 Kf5 59. c7 Ke6 60. d8=Q
Bxd8 61. cxd8=Q 1-0

[Event "Online Olym Div3 A 2021"]
[Site "chess.com INT"]
[Date "2021.08.29"]
[Round "7.5"]
[Board "1"]
[White "Lim, Zhuo Ren"]
[Black "Yarmonov, Igor"]
[Result "0-1"]
[WhiteTitle "FM"]
[BlackTitle "IM"]
[WhiteElo "2311"]
[BlackElo "2394"]
[WhiteTeam "Malaysia"]
[BlackTeam "IPCA"]
[WhiteFideId "5702488"]
[BlackFideId "14114496"]
[EventDate "2021.08.27"]
[EventType "team"]

1. d4 d5 2. c4 dxc4 3. Nf3 Nf6 4. e3 Be6 5. Na3 c5 6. Bxc4 Bxc4 7. Nxc4 Nc6 8.
O-O cxd4 9. Qa4 a6 10. Nxd4 b5 11. Nxc6 Qc7 12. Qb3 Qxc6 13. Ne5 Qd5 14. Qxd5
Nxd5 15. Rd1 e6 16. a4 b4 17. e4 Nf6 18. f3 Bc5+ 19. Kf1 O-O 20. Bg5 Rfd8 21.
Bxf6 gxf6 22. Nd7 Be7 23. Rd3 Rac8 24. Rad1 Kg7 25. Ke2 Rc2+ 26. R3d2 b3 27. Nb6
Bc5 28. a5 Rdxd2+ 29. Rxd2 Bb4 0-1